[Event "Lienz op 21st"]
[Site "Lienz"]
[Date "2023.02.11"]
[Round "1"]
[White "Galow, Michael"]
[Black "Bodiroga, Predrag"]
[Result "0-1"]
[WhiteElo "1753"]
[BlackElo "2307"]
[PlyCount "61"]
[EventDate "2023.02.11"]
[EventType "swiss"]
[EventRounds "9"]
[EventCountry "AUT"]
[SourceTitle "CBM 212 Extra"]
[Source "ChessBase"]
[SourceDate "2023.03.31"]
[SourceVersion "1"]
[SourceVersionDate "2023.03.31"]
[SourceQuality "1"]

1. d4 Nf6 2. Bf4 e6 3. e3 c5 4. Nf3 cxd4 5. exd4 b6 6. Nbd2 Be7 7. h3 0-0 8. Bd3 Ba6 9. Bxa6 Nxa6 10. 0-0 Qc8 11. c3 d6 12. Re1 Qb7 13. a4 Nc7 14. Bh2 a6 15. a5 b5 16. c4 bxc4 17. Nxc4 Rfd8 18. Qe2 Rab8 19. Rec1 Nb5 20. Rc2 Nd5 21. Qe1 Qa7 22. Rd1 Rbc8 23. Qe2 Rc7 24. Qd2 Rdc8 25. Rdc1 h6 26. Bg3 Qb7 27. h4 Nf6 28. Nb6 Ne4 29. Qd3 Rc5 30. Rc3 Rxc3 31. Rc2 0-1

[Event "Reykjavik Kvika op"]
[Site "Reykjavik"]
[Date "2022.04.11"]
[Round "8"]
[White "Stefansson, Vignir Vatnar"]
[Black "Galow, Michael"]
[Result "1-0"]
[WhiteElo "2501"]
[BlackElo "1740"]
[PlyCount "71"]
[EventDate "2022.04.06"]
[EventType "swiss"]
[EventRounds "9"]
[EventCountry "ISL"]
[SourceTitle "CBM 207 Extra"]
[Source "ChessBase"]
[SourceDate "2022.05.31"]
[SourceVersion "1"]
[SourceVersionDate "2022.05.31"]
[SourceQuality "1"]

1. d4 f5 2. c4 e6 3. g3 Nf6 4. Bg2 Be7 5. Nf3 0-0 6. 0-0 d6 7. Nc3 Ne4 8. Nxe4 fxe4 9. Nd2 d5 10. f3 Nc6 11. e3 exf3 12. Nxf3 Bf6 13. b3 dxc4 14. Ba3 Re8 15. Rc1 e5 16. d5 Ne7 17. bxc4 e4 18. Nd4 Bg5 19. Qb3 Kh8 20. Rf2 Ng8 21. Rcf1 Nf6 22. h3 a5 23. Nf5 a4 24. Qc3 Bxf5 25. Rxf5 Nd7 26. Kh2 Bf6 27. Qc2 Be7 28. Bb2 Bf6 29. Bxf6 Nxf6 30. Qb2 b6 31. Rxf6 gxf6 32. Rxf6 Kg8 33. Rf4 h5 34. Rf6 Kh7 35. Rf7+ Kh6 36. Qg7# 1-0

[Event "Reykjavik Kvika op"]
[Site "Reykjavik"]
[Date "2022.04.07"]
[Round "3"]
[White "Heer, Stephan"]
[Black "Galow, Michael"]
[Result "1-0"]
[WhiteElo "2067"]
[BlackElo "1740"]
[PlyCount "48"]
[EventDate "2022.04.06"]
[EventType "swiss"]
[EventRounds "9"]
[EventCountry "ISL"]
[SourceTitle "CBM 207 Extra"]
[Source "ChessBase"]
[SourceDate "2022.05.31"]
[SourceVersion "1"]
[SourceVersionDate "2022.05.31"]
[SourceQuality "1"]

1. Nf3 f5 2. d3 Nc6 3. Nbd2 Nf6 4. g3 e5 5. c3 Be7 6. b4 d6 7. Qb3 a5 8. b5 a4 9. Qc2 Nb8 10. Bg2 0-0 11. e4 Qe8 12. Rb1 f4 13. d4 Qh5 14. Ba3 Bh3 15. Bxh3 Qxh3 16. dxe5 Ng4 17. Qd3 fxg3 18. fxg3 Nd7 19. exd6 cxd6 20. Bxd6 Bxd6 21. Qxd6 Rad8 22. Rf1 Kh8 23. Ng5 Rxf1+ 24. Nxf1 Nge5 1-0